Zwischen Anpassung und Autonomie: Rußlanddeutsche in der vormaligen Sowjetunion und in der Bundesrepublik Deutschland

Lit.

Saved in:  
Bibliographic Details
Main Author: Dietz, Barbara 1949- (Author)
Corporate Author: Universität Bremen. Grad-verleihende Institution (Degree granting institution)
Format: Print Book
Language:German
Published: Berlin Duncker und Humblot 1995
In: Veröffentlichungen des Osteuropa-Institutes München / Reihe Wirtschaft und Gesellschaft (22)
Year: 1995
Online Access: Contents
Inhaltstext (Publisher)
Table of Contents
Publisher information
Availability in Tübingen:Present in Tübingen.
IFK: B VI 272
Check availability: HBZ Gateway
Subito Delivery Service: Order now.
Keywords:

MARC

LEADER 00000cam a2200000 c 4500
001 273324888
003 DE-627
005 20260206204553.0
007 tu
008 950811s1995 gw ||||| m 00| ||ger c
015 |a 95,N33,0180  |2 dnb 
015 |a 95,A46,0380  |2 dnb 
016 7 |a 944906109  |2 DE-101 
020 |a 3428084721  |9 3-428-08472-1 
035 |a (DE-627)273324888 
035 |a (DE-603)03579142X 
035 |a (DE-576)047150769 
035 |a (DE-599)GBV273324888 
035 |a (OCoLC)243811837 
035 |a (OCoLC)243811837 
040 |a DE-627  |b ger  |c DE-627  |e rakwb 
041 |a ger 
044 |c XA-DE  |c XA-RU 
082 0 |a 947.00431  |2 DDC20oclc 
084 |a 14  |a 16  |a 64  |a 63  |2 sdnb 
084 |a MS 3600  |2 rvk  |0 (DE-625)rvk/123685: 
084 |a MG 85968  |2 rvk  |0 (DE-625)rvk/122868:12232 
084 |a PO 3030  |2 rvk  |0 (DE-625)rvk/138367:368 
084 |a MG 15968  |2 rvk  |0 (DE-625)rvk/122818:12232 
084 |a MS 1225  |2 rvk  |0 (DE-625)rvk/123571: 
084 |a MS 3300  |2 rvk  |0 (DE-625)rvk/123679: 
084 |a MS 3550  |2 rvk  |0 (DE-625)rvk/123684: 
084 |a RQ 10594  |2 rvk  |0 (DE-625)rvk/142407:12788 
084 |a 71.63  |2 bkl 
090 |a a 
100 1 |a Dietz, Barbara  |d 1949-  |0 (DE-588)12062138X  |0 (DE-627)080787339  |0 (DE-576)292307160  |4 aut 
109 |a Dietz, Barbara 1949- 
245 1 0 |a Zwischen Anpassung und Autonomie  |b Rußlanddeutsche in der vormaligen Sowjetunion und in der Bundesrepublik Deutschland  |c von Barbara Dietz 
264 1 |a Berlin  |b Duncker und Humblot  |c 1995 
300 |a 206 S.  |b Tab. 
336 |a Text  |b txt  |2 rdacontent 
337 |a ohne Hilfsmittel zu benutzen  |b n  |2 rdamedia 
338 |a Band  |b nc  |2 rdacarrier 
490 1 |a Veröffentlichungen des Osteuropa-Institutes München  |a Reihe: Wirtschaft und Gesellschaft  |v 22 
500 |a Literaturverzeichnis: Seite 185-206 
502 |a Zugl.: Bremen, Univ., Diss., 1995 
520 |a Lit. 
583 1 |a Archivierung/Langzeitarchivierung gewährleistet  |f SLG  |x XA-DE-BW  |z BfZ  |2 pdager  |5 DE-24 
650 0 7 |0 (DE-588)4077570-7  |0 (DE-627)106079751  |0 (DE-576)209205660  |a Soziale Integration  |2 gnd 
650 0 7 |0 (DE-588)4076904-5  |0 (DE-627)104251964  |0 (DE-576)209203382  |a Russlanddeutsche  |2 gnd 
650 0 7 |0 (DE-588)4130642-9  |0 (DE-627)105701041  |0 (DE-576)209620706  |a Lebensbedingungen  |2 gnd 
650 0 7 |0 (DE-588)4153096-2  |0 (DE-627)104571128  |0 (DE-576)209800666  |a Ethnische Identität  |2 gnd 
651 7 |0 (DE-588)4011882-4  |0 (DE-627)104704861  |0 (DE-576)208896155  |a Deutschland  |2 gnd 
655 7 |a Hochschulschrift  |0 (DE-588)4113937-9  |0 (DE-627)105825778  |0 (DE-576)209480580  |2 gnd-content 
689 0 0 |d g  |0 (DE-588)4011882-4  |0 (DE-627)104704861  |0 (DE-576)208896155  |a Deutschland  |2 gnd 
689 0 1 |d s  |0 (DE-588)4077570-7  |0 (DE-627)106079751  |0 (DE-576)209205660  |a Soziale Integration  |2 gnd 
689 0 2 |d s  |0 (DE-588)4076904-5  |0 (DE-627)104251964  |0 (DE-576)209203382  |a Russlanddeutsche  |2 gnd 
689 0 |5 DE-101 
689 1 0 |d s  |0 (DE-588)4076904-5  |0 (DE-627)104251964  |0 (DE-576)209203382  |a Russlanddeutsche  |2 gnd 
689 1 1 |d s  |0 (DE-588)4130642-9  |0 (DE-627)105701041  |0 (DE-576)209620706  |a Lebensbedingungen  |2 gnd 
689 1 |5 DE-101 
689 2 0 |d s  |0 (DE-588)4076904-5  |0 (DE-627)104251964  |0 (DE-576)209203382  |a Russlanddeutsche  |2 gnd 
689 2 1 |d s  |0 (DE-588)4153096-2  |0 (DE-627)104571128  |0 (DE-576)209800666  |a Ethnische Identität  |2 gnd 
689 2 |5 DE-101 
710 2 |a Universität Bremen  |e Grad-verleihende Institution  |0 (DE-588)2001386-3  |0 (DE-627)101380429  |0 (DE-576)191575038  |4 dgg 
751 |a Bremen  |0 (DE-588)4008135-7  |0 (DE-627)106369636  |0 (DE-576)208874569  |4 uvp 
810 2 |a Osteuropa-Institut  |g München  |t Veröffentlichungen des Osteuropa-Institutes München / Reihe Wirtschaft und Gesellschaft  |v 22  |9 22  |w (DE-627)129947024  |w (DE-576)00003777X  |w (DE-600)401067-X  |x 0580-2008  |7 am 
856 4 2 |u https://swbplus.bsz-bw.de/bsz047150769vlg-1.htm  |m B:DE-576;dunckerHumblot  |q text/html  |v 20090602182331  |x Verlag  |3 Inhaltstext  |7 1 
856 4 2 |u https://swbplus.bsz-bw.de/bsz047150769vlg.htm  |m V:DE-576  |v 2006-09-27  |3 Inhaltstext  |7 1 
856 4 2 |u http://www.gbv.de/dms/ilmenau/toc/187027315.PDF  |m V:DE-601  |q application/pdf  |3 Inhaltsverzeichnis  |7 1 
856 4 2 |u http://scans.hebis.de/HEBCGI/show.pl?03579142_vlg.html  |m V:DE-576  |q text/html  |3 Verlagsinformation  |7 1 
889 |w (DE-627)187027315 
935 |i mdedup 
935 |i Blocktest 
935 |i sf 
935 |h HEB  |i 0501 
935 |h HEB  |i 0503 
936 r v |a MS 3600  |b Emigranten, Immigranten, Geflüchtete  |k Soziologie  |k Spezielle Soziologien  |k Soziologie der Minoritäten und Randgruppen  |k Emigranten, Immigranten, Geflüchtete  |0 (DE-627)1270927078  |0 (DE-625)rvk/123685:  |0 (DE-576)200927078 
936 r v |a MG 85968  |b Minderheitenfragen  |k Politologie  |k Politische Systeme einzelner Länder  |k Europa, Nordamerika  |k Osteuropa (ehem. Ostblock)  |k Russland, GUS (ehem. Sowjetunion)  |k Föderalismus  |k Minderheitenfragen  |0 (DE-627)1271590603  |0 (DE-625)rvk/122868:12232  |0 (DE-576)201590603 
936 r v |a PO 3030  |b Historische Darstellungen  |k Rechtswissenschaft  |k Recht sozialistischer und ehemals sozialistischer Staaten (Ostrecht) bis Erscheinungsjahr 1989  |k Sowjetunion/GUS, Russland  |k Grundlagen und Hilfswissenschaften  |k Soziologie und Politologie  |k Historische Darstellungen  |0 (DE-627)1271487489  |0 (DE-625)rvk/138367:368  |0 (DE-576)201487489 
936 r v |a MG 15968  |b Minderheitenfragen  |k Politologie  |k Politische Systeme einzelner Länder  |k Europa, Nordamerika  |k Westeuropa, Mitteleuropa  |k Bundesrepublik Deutschland  |k Bundesrepublik Deutschland  |k Föderalismus  |k Minderheitenfragen  |0 (DE-627)1270709283  |0 (DE-625)rvk/122818:12232  |0 (DE-576)200709283 
936 r v |a MS 1225  |b Ehem. Sowjetunion, GUS, Russland  |k Soziologie  |k Spezielle Soziologien  |k Analysen einzelner Länder  |k Europa  |k Ehem. Sowjetunion, GUS, Russland  |0 (DE-627)1271440334  |0 (DE-625)rvk/123571:  |0 (DE-576)201440334 
936 r v |a MS 3300  |b Allgemeine Literatur  |k Soziologie  |k Spezielle Soziologien  |k Soziologie der Minoritäten und Randgruppen  |k Allgemeine Literatur  |0 (DE-627)1270879677  |0 (DE-625)rvk/123679:  |0 (DE-576)200879677 
936 r v |a MS 3550  |b Ausländer, Arbeitsmigrant  |k Soziologie  |k Spezielle Soziologien  |k Soziologie der Minoritäten und Randgruppen  |k Ausländer, Arbeitsmigrant  |0 (DE-627)1271086611  |0 (DE-625)rvk/123684:  |0 (DE-576)201086611 
936 r v |a RQ 10594  |b Aus-und Einwanderung, Rückwanderung  |k Geografie  |k Regionale Geografie  |k Europa  |k Osteuropa (ehem. Ostblock, ehem. RGW/Comecon-Staaten)  |k GUS, ehem. Sowjetunion (einschl. Baltikum)  |k GUS, ehem. Sowjetunion (einschl. Baltikum)  |k Allgemeine Geografie  |k Anthropogeografie  |k Bevölkerungsgeografie  |k Derzeitige Bevölkerungsverhältnisse  |k Aus-und Einwanderung, Rückwanderung  |0 (DE-627)1275859747  |0 (DE-625)rvk/142407:12788  |0 (DE-576)205859747 
936 b k |a 71.63  |j Minderheitenproblem  |0 (DE-627)10641223X 
936 s n |a m100  |2 mzub 
936 s n |a p100  |2 mzub 
936 s n |a m200  |2 mzub 
936 s n |a r100  |2 mzub 
936 s n |a n100  |2 mzub 
951 |a BO 
ELC |b 1 
LOK |0 000 xxxxxcx a22 zn 4500 
LOK |0 001 331962119X 
LOK |0 003 DE-627 
LOK |0 004 273324888 
LOK |0 005 20020607000000 
LOK |0 008 970411||||||||||||||||ger||||||| 
LOK |0 040   |a DE-21-110  |c DE-627  |d DE-21-110 
LOK |0 852   |a DE-21-110 
LOK |0 852 1  |c B VI 272  |m p  |9 00 
LOK |0 935   |a k110 
LOK |0 936ln  |a 11.2.1 
LOK |0 938   |k p 
LOK |0 939   |a 11-04-97  |b l01 
ORI |a SA-MARC-krimdoka001.raw 
SIG |a IFK: B VI 272 
TIM |a 100019901003_100020261231  |b 1990-10-03 - 2026